Statistics for Countries with Algerian embassies

Click here to take the quiz!

General Stats

  • This quiz has been taken 32 times
  • The average score is 72 of 92

Answer Stats

Continent Country % Correct
North AmericaCanada
96%
EuropeUnited Kingdom
96%
AsiaIndia
92%
EuropePortugal
92%
EuropeItaly
92%
North AmericaMexico
92%
AsiaChina
92%
Asia/ EuropeRussia
92%
OceaniaAustralia
92%
South AmericaBrazil
92%
North AmericaUnited States of America
92%
AfricaSouth Africa
88%
EuropeFrance
88%
EuropeSpain
88%
AfricaNigeria
88%
EuropeSweden
88%
AfricaNiger
88%
AfricaTunisia
88%
AsiaJapan
88%
EuropeAlbania
88%
AfricaLibya
88%
South AmericaArgentina
88%
AfricaMorocco
85%
EuropeBelgium
85%
South AmericaColombia
85%
AfricaAngola
85%
AsiaPakistan
85%
AfricaChad
85%
AfricaD.R. Congo
85%
AsiaIran
85%
AsiaIraq
85%
North AmericaCuba
85%
AfricaEgypt
85%
EuropeGermany
85%
EuropeSwitzerland
81%
AfricaMali
81%
EuropeNorway
81%
EuropeAustria
81%
EuropeUkraine
81%
EuropePoland
81%
AfricaKenya
81%
EuropeGreece
81%
AfricaRepublic of the Congo
81%
AsiaQatar
81%
Asia/ EuropeTurkey
81%
Europethe Netherlands
81%
South AmericaChile
81%
EuropeRomania
77%
AsiaOman
77%
EuropeSerbia
77%
AsiaSouth Korea
77%
AfricaCameroon
77%
AfricaTanzania
77%
EuropeCzech Republic
77%
AfricaZimbabwe
77%
AfricaEthiopia
77%
AsiaIndonesia
77%
AsiaJordan
77%
EuropeCroatia
77%
AsiaYemen
73%
AfricaZambia
73%
South AmericaPeru
73%
EuropeFinland
73%
AsiaBahrain
73%
AsiaSyria
73%
AfricaRwanda
73%
AsiaSaudi Arabia
73%
AfricaSenegal
73%
EuropeDenmark
73%
South AmericaEcuador
69%
AfricaUganda
69%
AfricaGhana
69%
AfricaGuinea
69%
AfricaNamibia
69%
AfricaSudan
69%
AsiaKuwait
69%
EuropeBulgaria
69%
AfricaMauritania
69%
AfricaMadagascar
69%
AfricaMozambique
69%
AsiaMalaysia
65%
South AmericaVenezuela
65%
AsiaUnited Arab Emirates
65%
AfricaGabon
65%
AfricaBurkina Faso
65%
EuropeHungary
65%
AsiaLebanon
62%
AsiaVietnam
62%
North AmericaJamaica
58%
AsiaAzerbaijan
58%
AfricaIvory Coast
50%
AsiaUzbekistan
42%

Score Distribution

Percentile by Number Answered

Percent of People with Each Score

Your Score History

You have not taken this quiz